| 000 | 00471nab a2200145Ia 4500 | ||
|---|---|---|---|
| 003 | ES-SlBCS | ||
| 005 | 20210601134754.0 | ||
| 008 | 140529s1948 xxu||||| |||| 00| 0 spa d | ||
| 041 | _aspa | ||
| 100 | 1 |
_aLafuente Ferrari, Enrique _932476 |
|
| 245 | 0 | 0 |
_aLas Exposiciones nacionales y la vida artística en España _c Enrique Lafuente Ferrari |
| 650 | 0 | 4 |
_aExposiciones Nacionales _9222964 |
| 773 | 0 |
_tArbor _gvol. 10, nº. 31-32, 1948, págs. 337-356 _wRev54 |
|
| 942 | _cAR | ||
| 999 |
_c617648 _d617648 |
||